Metadata fundamentals for all librarians(E-BOOK) (Record no. 193057)

000 -LEADER
fixed length control field 00605 a2200241 4500
003 - CONTROL NUMBER IDENTIFIER
control field Nust
005 - DATE AND TIME OF LATEST TRANSACTION
control field 20170207154049.0
010 ## - LIBRARY OF CONGRESS CONTROL NUMBER
LC control number 2002151683
020 ## - INTERNATIONAL STANDARD BOOK NUMBER
International Standard Book Number 0-8389-0847-0
035 ## - SYSTEM CONTROL NUMBER
System control number (DLC) 2002151683
040 ## - CATALOGING SOURCE
Transcribing agency Nust
082 00 - DEWEY DECIMAL CLASSIFICATION NUMBER
Classification number 025.3
100 1# - MAIN ENTRY--PERSONAL NAME
Personal name Caplan, Priscilla
245 10 - TITLE STATEMENT
Title Metadata fundamentals for all librarians(E-BOOK)
Statement of responsibility, etc. Priscilla Caplan
260 ## - PUBLICATION, DISTRIBUTION, ETC.
Place of publication, distribution, etc. Chicago :
Name of publisher, distributor, etc. ALA,
Date of publication, distribution, etc. 2003
300 ## - PHYSICAL DESCRIPTION
Extent ix, 192 s. :
Other physical details ill. ;
Dimensions 28 cm
650 #7 - SUBJECT ADDED ENTRY--TOPICAL TERM
Topical term or geographic name entry element Cataloging
650 #7 - SUBJECT ADDED ENTRY--TOPICAL TERM
Topical term or geographic name entry element Information organization.
650 #7 - SUBJECT ADDED ENTRY--TOPICAL TERM
Topical term or geographic name entry element Katalogisering
650 #7 - SUBJECT ADDED ENTRY--TOPICAL TERM
Topical term or geographic name entry element Metadata
650 #7 - SUBJECT ADDED ENTRY--TOPICAL TERM
Topical term or geographic name entry element Metadata
651 ## - SUBJECT ADDED ENTRY--GEOGRAPHIC NAME
Geographic name E-BOOK
942 ## - ADDED ENTRY ELEMENTS (KOHA)
Source of classification or shelving scheme
Koha item type Book
Holdings
Withdrawn status Lost status Source of classification or shelving scheme Damaged status Not for loan Collection code Permanent Location Current Location Date acquired Total Checkouts Full call number Barcode Date last seen Price effective from Koha item type
            Military College of Signals (MCS) Military College of Signals (MCS) 12/12/2016   025.3 CAP MCSEB-2835 12/08/2016 12/12/2016 Book
© 2023 Central Library, National University of Sciences and Technology. All Rights Reserved.